Normal view
MARC view
Entry Personal Name
001 - CONTROL NUMBER
- control field: 3534
003 - CONTROL NUMBER IDENTIFIER
- control field: BD-RjUL
005 - DATE AND TIME OF LATEST TRANSACTION
- control field: 20220609153740.0
008 - FIXED-LENGTH DATA ELEMENTS
- fixed length control field: 220609|| aca||aabn | a|a d
040 ## - CATALOGING SOURCE
- Original cataloging agency: BD-RjUL
- Transcribing agency: BD-RjUL
100 ## - HEADING--PERSONAL NAME
- Personal name: দত্ত , দেবব্রত
670 ## - SOURCE DATA FOUND
- Source citation: Work cat.: (BD-RjUL)79949: দত্ত , দেবব্রত , সঙ্গীত-তত্ত্ব /, ২০১৫